Guidance and counselling in colleges and universities / (Record no. 16025)
[ view plain ]
| 000 -LEADER | |
|---|---|
| fixed length control field | 00589nam a22002177a 4500 |
| 003 - CONTROL NUMBER IDENTIFIER | |
| control field | OSt |
| 005 - DATE AND TIME OF LATEST TRANSACTION | |
| control field | 20140310182803.0 |
| 008 - FIXED-LENGTH DATA ELEMENTS--GENERAL INFORMATION | |
| fixed length control field | 130213t xxu||||| |||| 00| 0 eng d |
| 020 ## - INTERNATIONAL STANDARD BOOK NUMBER | |
| International Standard Book Number | 8120700856 |
| 050 ## - LIBRARY OF CONGRESS CALL NUMBER | |
| Classification number | BF 637.C6 |
| Item number | .K811 2005 |
| 100 ## - MAIN ENTRY--PERSONAL NAME | |
| Personal name | Kochhar, S.K. |
| 245 ## - TITLE STATEMENT | |
| Title | Guidance and counselling in colleges and universities / |
| Statement of responsibility, etc | S.K. Kochhar. |
| 260 ## - PUBLICATION, DISTRIBUTION, ETC. (IMPRINT) | |
| Place of publication, distribution, etc | New Delhi : |
| Name of publisher, distributor, etc | Sterling Publishers, |
| Date of publication, distribution, etc | c2005. |
| 300 ## - PHYSICAL DESCRIPTION | |
| Extent | xi, 462 p. : |
| Dimensions | 22 cm. |
| 521 ## - TARGET AUDIENCE NOTE | |
| Target audience note | |
| 546 ## - LANGUAGE NOTE | |
| Language note | C7964 |
| 650 ## - SUBJECT ADDED ENTRY--TOPICAL TERM | |
| Topical term or geographic name as entry element | Educational counselling. |
| 942 ## - ADDED ENTRY ELEMENTS (KOHA) | |
| Source of classification or shelving scheme | Library of Congress Classification |
| Koha item type | Books |
| Call number prefix | Foreign |
| Withdrawn status | Lost status | Source of classification or shelving scheme | Damaged status | Home library | Current library | Shelving location | Date acquired | Source of acquisition | Total Checkouts | Total Renewals | Full call number | Barcode | Date last seen | Date checked out | Copy number | Price effective from | Koha item type |
|---|---|---|---|---|---|---|---|---|---|---|---|---|---|---|---|---|---|
| Library of Congress Classification | Archives | Archives | 02/13/2013 | Donation | 1 | 2 | BF 637.C6 .K811 2005 | C8155 | 06/05/2020 | 01/28/2020 | 1 | 03/10/2014 | Books | ||||
| Library of Congress Classification | Archives | Archives | 12/11/2013 | Donation | BF 637.C6 .K811 2005 | C8156 | 05/15/2018 | 2 | 12/11/2013 | Books | |||||||
| Library of Congress Classification | College Library | College Library | General Circulation Section | 12/11/2013 | BF 637.C6 .K811 2005 | C7964 | 05/15/2018 | 3 | 12/11/2013 | Books |